| 000 | 01385nac a22003611u 4500 | ||
|---|---|---|---|
| 003 | EG-ScBUE | ||
| 005 | 20220321105633.0 | ||
| 008 | 130102r19891980enkb f 000 1 eng d | ||
| 020 | _a0192815490 | ||
| 020 | _a9780192815491 | ||
| 040 |
_aEG-ScBUE _bara _erda _cEG-ScBUE _dEG-ScBUE |
||
| 041 | 1 |
_aeng _hrus |
|
| 082 | 0 | 4 |
_a891.733 _bDOS _222 |
| 100 | 1 |
_aDostoyevsky, Fyodor, _d1821-1881, _eauthor. |
|
| 245 | 1 | 0 |
_aCrime and punishment / _cFyodor Dostoevsky ; translated by Jessie Coulson ; with an introduction by John Jones. |
| 250 | _aReprint edition. | ||
| 264 | 1 |
_aOxford ; _aNew York : _bOxford University Press, _c1989. |
|
| 300 |
_axviii, 530 pages : _bmaps ; _c18 cm. |
||
| 336 |
_2rdacontent _atext _btxt |
||
| 337 |
_2rdamedia _aunmediated _bn |
||
| 338 |
_2rdacarrier _avolume _bnc |
||
| 490 | 0 | _aWorld's classics | |
| 500 | _a"This translation first published by Oxford university press 1953" -- verso page. | ||
| 546 | _aText in English ; Translated from the original Russian. | ||
| 600 | 1 | 7 |
_aDostoyevsky, Fyodor, _d1821-1881 _xTranslations into English. _2BUEsh |
| 650 | 7 |
_aMurder _zRussia (Federation) _zSaint Petersburg _vFiction. _2BUEsh |
|
| 651 | _2BUEsh | ||
| 653 |
_bHHUUEENN _bGGEN _cMay2017 |
||
| 655 |
_vReading book _934232 |
||
| 700 | 1 |
_aCoulson, Jessie, _etranslator. _938445 |
|
| 700 | 1 |
_aJones, John, _eauthor of introduction, etc. |
|
| 942 |
_2ddc _cBB |
||
| 999 |
_c2899 _d2899 |
||